[Event "Europa tch 2011 femenino"]
[Site "Porto Carras"]
[Date "2011.11.04"]
[Round "2.10"]
[White "Ciuksyte, Dagne"]
[Black "Porat, Maya"]
[Result "1/2-1/2"]
[WhiteElo "2327"]
[BlackElo "2299"]
[PlyCount "95"]
[EventDate "2011.11.03"]
[EventType "team"]
[EventRounds "9"]
[EventCountry "GRE"]
[Source "lmi"]
[SourceDate "2011.11.03"]

1. e4 c5 2. Nf3 e6 3. d4 cxd4 4. Nxd4 Nf6 5. Nc3 Nc6 6. Ndb5 Bb4 7. a3 Bxc3+ 8.
Nxc3 d5 9. exd5 exd5 10. Bd3 O-O 11. O-O d4 12. Ne2 Bg4 13. Bg5 h6 14. Bh4 Bxe2
15. Qxe2 Re8 16. Qd2 Ne4 17. Bxe4 Qxh4 18. f3 Rad8 19. Rfe1 Ne5 20. b3 b6 21.
Rad1 g6 22. g3 Qf6 23. Qf4 Kg7 24. Qxf6+ Kxf6 25. h3 g5 26. Kf2 Rd6 27. Re2
Red8 28. Red2 Ke7 29. Re1 Kf6 30. Rh1 Nd7 31. h4 Nc5 32. hxg5+ hxg5 33. Bd3
Nxd3+ 34. Rxd3 Kf5 35. Rhd1 Rc6 36. c3 Rh8 37. g4+ Kf6 38. c4 Rh2+ 39. Kg3 Rb2
40. R1d2 Rxd2 41. Rxd2 Rd6 42. Kf2 Rd8 43. Rd1 a5 44. Rd2 Rd7 45. Rd1 Rd8 46.
Rd2 Rd7 47. Re2 Rd8 48. Rd2 1/2-1/2

[Event "Europa tch 2011 femenino"]
[Site "Porto Carras"]
[Date "2011.11.04"]
[Round "2.10"]
[White "Efroimski, Marsel"]
[Black "Yurenok, Maria S"]
[Result "1-0"]
[WhiteElo "2230"]
[BlackElo "2106"]
[PlyCount "118"]
[EventDate "2011.11.03"]
[EventType "team"]
[EventRounds "9"]
[EventCountry "GRE"]
[Source "lmi"]
[SourceDate "2011.11.03"]

1. e4 c5 2. Nf3 e6 3. d4 cxd4 4. Nxd4 Nc6 5. Nc3 Qc7 6. Be3 a6 7. Bd3 b5 8.
Nxc6 Qxc6 9. e5 f5 10. Be2 Bb7 11. Bf3 Qc7 12. O-O Rc8 13. Bxb7 Qxb7 14. Qd3
Ne7 15. Rfd1 Ng6 16. f4 Be7 17. Rd2 Rc7 18. Ne2 O-O 19. Rad1 Rfc8 20. Nd4 Bc5
21. g3 Ne7 22. a3 Bxd4 23. Bxd4 Nd5 24. c3 a5 25. Rc1 a4 26. Re1 Qc6 27. Rg2
Ne7 28. Rd1 Qc4 29. Qf3 Qd5 30. Qh5 g6 31. Qg5 Nc6 32. Rgd2 Nxd4 33. Rxd4 Qc5
34. Kg2 Qc6+ 35. Kh3 Rf8 36. Qe7 Rf7 37. Qd6 Qb7 38. Rb4 Qc6 39. Qxc6 dxc6 40.
c4 bxc4 41. Rxc4 Rb7 42. Rd2 Rfd7 43. Rxd7 Rxd7 44. Rxa4 Rd2 45. Rb4 h6 46. a4
g5 47. fxg5 hxg5 48. a5 Kf7 49. g4 Rd3+ 50. Kg2 fxg4 51. a6 Rd8 52. Kg3 Kg6 53.
Kxg4 Rh8 54. a7 Rh4+ 55. Kg3 Rxb4 56. a8=Q Rb3+ 57. Kg4 Rb4+ 58. Kf3 g4+ 59.
Kg3 Kf5 1-0

[Event "Europa tch 2011 femenino"]
[Site "Porto Carras"]
[Date "2011.11.04"]
[Round "2.10"]
[White "Klinova, Masha"]
[Black "Houska, Jovanka"]
[Result "1/2-1/2"]
[WhiteElo "2316"]
[BlackElo "2415"]
[PlyCount "90"]
[EventDate "2011.11.03"]
[EventType "team"]
[EventRounds "9"]
[EventCountry "GRE"]
[Source "lmi"]
[SourceDate "2011.11.03"]

1. e4 c6 2. d4 d5 3. Nc3 dxe4 4. Nxe4 Bf5 5. Ng3 Bg6 6. h4 h6 7. Nf3 Nd7 8. h5
Bh7 9. Bd3 Bxd3 10. Qxd3 e6 11. Bd2 Ngf6 12. O-O-O Be7 13. Kb1 O-O 14. Ne4 Nxe4
15. Qxe4 Nf6 16. Qe2 Qd5 17. Ne5 Qe4 18. Qxe4 Nxe4 19. Be1 Rfd8 20. f3 Nf6 21.
Bf2 Rac8 22. g4 b5 23. c3 Nd5 24. Nd3 a5 25. Rhe1 Bd6 26. Kc2 a4 27. a3 Re8 28.
Re2 f6 29. Rg1 Nf4 30. Nxf4 Bxf4 31. Bg3 Bxg3 32. Rxg3 c5 33. dxc5 Rxc5 34. Rg1
Kf7 35. Rd1 f5 36. Rd4 Kf6 37. b3 axb3+ 38. Kxb3 Rec8 39. Re3 R8c6 40. a4 fxg4
41. fxg4 e5 42. Rb4 bxa4+ 43. Rxa4 Kg5 44. Rae4 Rb5+ 45. Kc2 Rbc5 1/2-1/2

[Event "Europa tch 2011 femenino"]
[Site "Porto Carras"]
[Date "2011.11.04"]
[Round "2.11"]
[White "Botsari, Anna-Maria"]
[Black "Kopinits, Anna-Christina"]
[Result "1-0"]
[WhiteElo "2313"]
[BlackElo "2276"]
[PlyCount "67"]
[EventDate "2011.11.03"]
[EventType "team"]
[EventRounds "9"]
[EventCountry "GRE"]
[Source "lmi"]
[SourceDate "2011.11.03"]

1. d4 Nf6 2. c4 e6 3. Nc3 Bb4 4. e3 O-O 5. Nge2 d5 6. a3 Bd6 7. cxd5 exd5 8. g3
c6 9. Bg2 Re8 10. O-O Nbd7 11. f3 c5 12. b3 b6 13. dxc5 Bxc5 14. Nd4 Ba6 15.
Rf2 Rc8 16. Bh3 Bxd4 17. Qxd4 Rc7 18. Bxd7 Qxd7 19. Bb2 Rd8 20. Rd1 Bb7 21. a4
Bc6 22. Qd3 Qe6 23. Ne2 Ne8 24. Nd4 Qg6 25. Nf5 Bb7 26. Be5 Rcd7 27. g4 f6 28.
Bg3 Nc7 29. Bxc7 Rxc7 30. Rc2 Rxc2 31. Ne7+ Kf7 32. Nxg6 Rdc8 33. Nf4 R2c3 34.
Qxh7 1-0

[Event "Europa tch 2011 femenino"]
[Site "Porto Carras"]
[Date "2011.11.04"]
[Round "2.11"]
[White "Exler, Veronika"]
[Black "Dembo, Yelena"]
[Result "0-1"]
[WhiteElo "2124"]
[BlackElo "2468"]
[PlyCount "136"]
[EventDate "2011.11.03"]
[EventType "team"]
[EventRounds "9"]
[EventCountry "GRE"]
[Source "lmi"]
[SourceDate "2011.11.03"]

1. e4 c5 2. c3 d6 3. d4 Nf6 4. Bd3 g6 5. dxc5 dxc5 6. e5 Nh5 7. Bb5+ Bd7 8.
Bxd7+ Qxd7 9. Qe2 Nc6 10. f4 Bh6 11. Nh3 O-O-O 12. Be3 Nxe5 13. O-O Nd3 14. Na3
Qe6 15. Qf3 Nf6 16. b4 Qa6 17. Nc2 Nd5 18. bxc5 e5 19. Ng5 Bxg5 20. fxg5 Rd7
21. Nb4 N3xb4 22. cxb4 Qd3 23. Rae1 Nxb4 24. Rd1 Qf5 25. Qxf5 gxf5 26. Rxd7
Kxd7 27. Rxf5 Ke6 28. Rf6+ Ke7 29. Rf5 Nc6 30. Kf2 Rd8 31. Ke2 Rd5 32. a3 Nb8
33. Kf3 Nd7 34. Ke4 Rd1 35. Bf2 Ke6 36. Rf3 Rd2 37. h4 Rc2 38. g4 Rc4+ 39. Kd3
Rxg4 40. Kc3 e4 41. Rh3 Kd5 42. Rh1 Ne5 43. Rb1 Kc6 44. Rd1 Nd3 45. Be3 Rg3 46.
Kd4 Nxc5 47. Rc1 b6 48. a4 Kd7 49. Rd1 Kc6 50. Rc1 Rf3 51. a5 Rf5 52. axb6 axb6
53. Kc4 Kb7 54. Rb1 Kc6 55. Rb5 Rf1 56. Rb4 Re1 57. Kd4 Rd1+ 58. Kc4 Nd7 59.
Bd4 Rd3 60. Rb1 b5+ 61. Rxb5 Rxd4+ 62. Kxd4 Kxb5 63. Kxe4 Kc6 64. Kf5 Kd6 65.
h5 Ke7 66. g6 hxg6+ 67. hxg6 f6 68. Ke4 Kf8 0-1

[Event "Europa tch 2011 femenino"]
[Site "Porto Carras"]
[Date "2011.11.04"]
[Round "2.11"]
[White "Newrkla, Katharina"]
[Black "Makropoulou, Marina"]
[Result "1-0"]
[WhiteElo "2131"]
[BlackElo "2201"]
[PlyCount "87"]
[EventDate "2011.11.03"]
[EventType "team"]
[EventRounds "9"]
[EventCountry "GRE"]
[Source "lmi"]
[SourceDate "2011.11.03"]

1. e4 e5 2. Nf3 Nc6 3. Bb5 a6 4. Ba4 Nf6 5. O-O Be7 6. Re1 d6 7. c3 Bg4 8. h3
Bh5 9. d3 Qd7 10. b4 g5 11. Bxg5 Rg8 12. Bh4 Qxh3 13. Bg3 Qc8 14. Nbd2 Bg4 15.
Bxc6+ bxc6 16. d4 exd4 17. cxd4 Nh5 18. Nf1 Nxg3 19. Nxg3 h5 20. Qd3 Qb7 21.
Qc3 Kf8 22. Nf5 Bxf5 23. exf5 Bf6 24. Rac1 a5 25. a3 axb4 26. axb4 Ra6 27. Qd2
Kg7 28. Ng5 Qc8 29. Qf4 Rb6 30. Re3 Rb5 31. Rg3 Qxf5 32. Ne4+ Kf8 33. Rxg8+
Kxg8 34. Nxf6+ Kg7 35. Qxf5 Rxf5 36. Ne8+ Kf8 37. Nxc7 Rf4 38. Rxc6 Rxd4 39. b5
Rd1+ 40. Kh2 Ke7 41. Rc4 Kd7 42. b6 Rb1 43. Nd5 Rb5 44. Rb4 1-0

[Event "Europa tch 2011 femenino"]
[Site "Porto Carras"]
[Date "2011.11.04"]
[Round "2.11"]
[White "Pavlidou, Ekaterini"]
[Black "Novkovic, Julia"]
[Result "1-0"]
[WhiteElo "2176"]
[BlackElo "2089"]
[PlyCount "85"]
[EventDate "2011.11.03"]
[EventType "team"]
[EventRounds "9"]
[EventCountry "GRE"]
[Source "lmi"]
[SourceDate "2011.11.03"]

1. d4 Nf6 2. c4 g6 3. Nc3 Bg7 4. e4 d6 5. Nf3 O-O 6. Be2 e5 7. Be3 Ng4 8. Bg5
f6 9. Bh4 Nc6 10. d5 Ne7 11. Nd2 f5 12. Bxg4 fxg4 13. Bg5 c6 14. c5 h6 15. Bxe7
Qxe7 16. cxd6 Qxd6 17. O-O Rf7 18. Nc4 Qb4 19. Qb3 Qf8 20. a4 Kh7 21. a5 h5 22.
Qa3 Qd8 23. Rad1 Qg5 24. Qc5 h4 25. Nd6 Rf3 26. dxc6 b6 27. Qc4 b5 28. Ncxb5 g3
29. fxg3 Qe3+ 30. Kh1 Rxf1+ 31. Rxf1 Bg4 32. Qc1 Qb3 33. Qc3 Qe6 34. Nc7 Qxd6
35. Nxa8 Qd8 36. gxh4 Qxa8 37. h3 Be6 38. Qc5 a6 39. Qb6 Qc8 40. Rf3 Kg8 41.
Rd3 Bf6 42. c7 Kf7 43. Rd8 1-0

[Event "Europa tch 2011 femenino"]
[Site "Porto Carras"]
[Date "2011.11.04"]
[Round "2.12"]
[White "Mamedjarova, Turkan"]
[Black "Batkovskyte, Dominyka"]
[Result "0-1"]
[WhiteElo "2277"]
[BlackElo "2102"]
[PlyCount "98"]
[EventDate "2011.11.03"]
[EventType "team"]
[EventRounds "9"]
[EventCountry "GRE"]
[Source "lmi"]
[SourceDate "2011.11.03"]

1. e4 e6 2. d4 d5 3. exd5 exd5 4. Bd3 Nc6 5. c3 Bd6 6. Qf3 Nce7 7. h3 h6 8. Ne2
Nf6 9. O-O c6 10. Re1 Qc7 11. a4 Bd7 12. b3 O-O-O 13. c4 Ng6 14. Nec3 Nh4 15.
Qd1 Rde8 16. Be3 Bf4 17. Bd2 Bxd2 18. Rxe8+ Rxe8 19. Nxd2 Qf4 20. Ne2 Qg5 21.
Ng3 Bxh3 22. gxh3 Qxd2 23. Qxd2 Nf3+ 24. Kh1 Nxd2 25. cxd5 Nxd5 26. Nf5 Kd7 27.
Nxg7 Rg8 28. Rg1 Nxb3 29. Bf5+ Ke7 30. Bh7 Rh8 31. Bb1 Nxd4 32. Rg4 c5 33. a5
b6 34. a6 Nb4 35. Re4+ Kd7 36. Rf4 Ke7 37. Re4+ Ne6 38. f4 Kd7 39. Nh5 Nxa6 40.
f5 Nd4 41. Rg4 Nb4 42. Rg7 Ke7 43. f6+ Ke6 44. Rg1 Rd8 45. Bh7 c4 46. Re1+ Kd6
47. Re4 Kc5 48. Re7 Nf3 49. Rxf7 Rd2 0-1

[Event "Europa tch 2011 femenino"]
[Site "Porto Carras"]
[Date "2011.11.04"]
[Round "2.12"]
[White "Mamedjarova, Zeinab"]
[Black "Daulyte, Deimante"]
[Result "1-0"]
[WhiteElo "2314"]
[BlackElo "2238"]
[PlyCount "65"]
[EventDate "2011.11.03"]
[EventType "team"]
[EventRounds "9"]
[EventCountry "GRE"]
[Source "lmi"]
[SourceDate "2011.11.03"]

1. d4 Nf6 2. c4 g6 3. Nf3 Bg7 4. g3 d5 5. Bg2 dxc4 6. O-O O-O 7. Na3 c3 8. bxc3
c5 9. Qb3 Nc6 10. Rd1 Na5 11. Qb2 cxd4 12. cxd4 Bf5 13. Ne5 Rc8 14. Bd2 h5 15.
Bb4 Bh6 16. Nb5 a6 17. Na7 Nc4 18. Qb3 Nd6 19. Nxc8 Qxc8 20. Bxd6 exd6 21. Nc4
Qe6 22. Ne3 Qxb3 23. axb3 Bxe3 24. fxe3 Bc2 25. Rdc1 Bxb3 26. Bxb7 d5 27. Rxa6
Kg7 28. Rcc6 Ng4 29. Ra3 Bc4 30. e4 Rb8 31. Ra7 Nf6 32. exd5 Bxd5 33. Rxf6 1-0

[Event "Europa tch 2011 femenino"]
[Site "Porto Carras"]
[Date "2011.11.04"]
[Round "2.12"]
[White "Vanagaite, Giedre"]
[Black "Umudova, Nargiz"]
[Result "0-1"]
[WhiteElo "1958"]
[BlackElo "2210"]
[PlyCount "116"]
[EventDate "2011.11.03"]
[EventType "team"]
[EventRounds "9"]
[EventCountry "GRE"]
[Source "lmi"]
[SourceDate "2011.11.03"]

1. e4 c5 2. Nf3 Nc6 3. d4 cxd4 4. Nxd4 Nf6 5. Nc3 e5 6. Ndb5 d6 7. Bg5 a6 8.
Na3 b5 9. Bxf6 gxf6 10. Nd5 Bg7 11. Bd3 Be6 12. O-O Bxd5 13. exd5 Ne7 14. Qg4
Kf8 15. c4 h5 16. Qh4 f5 17. Rab1 e4 18. Be2 bxc4 19. Bxc4 Qd7 20. f3 Ng6 21.
Qf2 Ne5 22. fxe4 fxe4 23. Qf4 Ng4 24. Nc2 Re8 25. Rbe1 Be5 26. Qd2 Bxh2+ 27.
Kh1 Be5 28. Rxe4 Qd8 29. Qe1 Qg5 30. Nd4 Kg8 31. Rf5 Qg6 32. Qd2 f6 33. Bd3 Rc8
34. Bf1 Qf7 35. Nc6 Qg7 36. Bxa6 Ra8 37. Bc4 h4 38. Rf3 h3 39. Rxh3 Kf7 40.
Nxe5+ Nxe5 41. Qe2 Rxh3+ 42. gxh3 Rh8 43. Re3 Rg8 44. Qf1 Nxc4 45. Rc3 Qg5 46.
Rxc4 Qxd5+ 47. Kh2 Qe5+ 48. Kh1 Rg3 49. b3 Re3 50. Rf4 Re1 51. Rxf6+ Ke8 52.
Rf8+ Kd7 53. Rf7+ Kc6 54. Kg2 Qg5+ 55. Kh1 Rxf1+ 56. Rxf1 Qg3 57. h4 d5 58. h5
d4 0-1

[Event "Europa tch 2011 femenino"]
[Site "Porto Carras"]
[Date "2011.11.04"]
[Round "2.12"]
[White "Zaksaite, Salomeja"]
[Black "Mammadova, Gulnar"]
[Result "1-0"]
[WhiteElo "2200"]
[BlackElo "2290"]
[PlyCount "99"]
[EventDate "2011.11.03"]
[EventType "team"]
[EventRounds "9"]
[EventCountry "GRE"]
[Source "lmi"]
[SourceDate "2011.11.03"]

1. e4 e6 2. d4 d5 3. Nc3 Bb4 4. e5 c5 5. a3 Ba5 6. b4 cxd4 7. Nb5 Bc7 8. f4 Ne7
9. Nf3 Bd7 10. Nxc7+ Qxc7 11. Bd3 Ba4 12. O-O a6 13. Nxd4 Nbc6 14. Be3 Nxd4 15.
Bxd4 Bb5 16. a4 Bxd3 17. cxd3 Nf5 18. Rc1 Qd8 19. Bc5 b6 20. Bf2 O-O 21. Rc6
Rb8 22. g4 Ne7 23. Rd6 Qc7 24. Qc1 Qxc1 25. Rxc1 Ng6 26. Be3 f6 27. Rxe6 d4 28.
Bd2 fxe5 29. f5 Nf4 30. Bxf4 exf4 31. Rcc6 b5 32. a5 Rbc8 33. Kf2 Rxc6 34. Rxc6
Re8 35. Rd6 h5 36. gxh5 Re5 37. h6 gxh6 38. Rxa6 Rxf5 39. Rxh6 Kg7 40. Rd6 Rh5
41. Rxd4 Rxh2+ 42. Kf3 Kf6 43. Rd5 Rb2 44. Rxb5 Rb3 45. Kxf4 Rxd3 46. a6 Rd8
47. Rb6+ Ke7 48. Ke5 Rd1 49. Rb7+ Kd8 50. a7 1-0

[Event "Europa tch 2011 femenino"]
[Site "Porto Carras"]
[Date "2011.11.04"]
[Round "2.13"]
[White "Berzina, Ilze"]
[Black "Milovic, Aleksandra"]
[Result "1/2-1/2"]
[WhiteElo "2320"]
[BlackElo "2171"]
[PlyCount "37"]
[EventDate "2011.11.03"]
[EventType "team"]
[EventRounds "9"]
[EventCountry "GRE"]
[Source "lmi"]
[SourceDate "2011.11.03"]

1. e4 c5 2. Nf3 e6 3. c4 Nc6 4. Nc3 Nf6 5. Be2 d5 6. cxd5 exd5 7. exd5 Nxd5 8.
O-O Be7 9. d4 O-O 10. Nxd5 Qxd5 11. dxc5 Qxc5 12. Be3 Qb4 13. Qc2 Be6 14. Rfd1
Rfd8 15. Bd2 Qb6 16. Be3 Qb4 17. Bd2 Qb6 18. Be3 Qb4 19. Bd2 1/2-1/2

[Event "Europa tch 2011 femenino"]
[Site "Porto Carras"]
[Date "2011.11.04"]
[Round "2.13"]
[White "Stojanovic, Marija R"]
[Black "Erneste, Inguna"]
[Result "1/2-1/2"]
[WhiteElo "2095"]
[BlackElo "2218"]
[PlyCount "51"]
[EventDate "2011.11.03"]
[EventType "team"]
[EventRounds "9"]
[EventCountry "GRE"]
[Source "lmi"]
[SourceDate "2011.11.03"]

1. e4 e5 2. Nf3 Nc6 3. Bb5 a6 4. Ba4 Nf6 5. O-O Be7 6. Re1 b5 7. Bb3 d6 8. h3
O-O 9. c3 Nb8 10. d4 Nbd7 11. Nbd2 Bb7 12. a4 c5 13. Bc2 Re8 14. Nf1 Bf8 15. d5
c4 16. Ng3 g6 17. Be3 h6 18. Nh2 Bg7 19. h4 h5 20. Bg5 Qc7 21. Qd2 Nh7 22. Bh6
Bf6 23. Nf3 Nc5 24. Ng5 Qd7 25. axb5 axb5 26. f3 1/2-1/2

[Event "Europa tch 2011 femenino"]
[Site "Porto Carras"]
[Date "2011.11.04"]
[Round "2.13"]
[White "Ungure, Liga"]
[Black "Blagojevic, Tijana"]
[Result "1/2-1/2"]
[WhiteElo "2066"]
[BlackElo "1925"]
[PlyCount "88"]
[EventDate "2011.11.03"]
[EventType "team"]
[EventRounds "9"]
[EventCountry "GRE"]
[Source "lmi"]
[SourceDate "2011.11.03"]

1. e4 e5 2. Nf3 Nc6 3. Bb5 Nf6 4. O-O Nxe4 5. d4 Nd6 6. Bxc6 dxc6 7. dxe5 Nf5
8. Qxd8+ Kxd8 9. Nc3 Ne7 10. Nd4 Ng6 11. Bg5+ Ke8 12. Rad1 Bd7 13. Rfe1 h6 14.
Bc1 Rd8 15. Ne4 c5 16. Nb3 b6 17. f4 Be6 18. Rxd8+ Kxd8 19. Ng3 Ne7 20. Nd2 g6
21. a3 Kd7 22. Nde4 Bg7 23. Nf1 Rd8 24. Rd1+ Kc8 25. Rxd8+ Kxd8 26. Ne3 Nf5 27.
c3 Kd7 28. Ng4 Kc6 29. Ngf6 Ne7 30. Kf2 Nd5 31. Ne8 Bh8 32. c4 Ne7 33. b3 Ng8
34. Ke3 a5 35. a4 Bf5 36. N8f6 Bxf6 37. exf6 Bxe4 38. Kxe4 Nxf6+ 39. Kf3 Kd6
40. Bb2 Ke6 41. Bxf6 Kxf6 42. Ke4 Ke6 43. g4 f5+ 44. gxf5+ gxf5+ 1/2-1/2

[Event "Europa tch 2011 femenino"]
[Site "Porto Carras"]
[Date "2011.11.04"]
[Round "2.13"]
[White "Vojinovic, Jovana"]
[Black "Reizniece-Ozola, Dana"]
[Result "1-0"]
[WhiteElo "2346"]
[BlackElo "2281"]
[PlyCount "135"]
[EventDate "2011.11.03"]
[EventType "team"]
[EventRounds "9"]
[EventCountry "GRE"]
[Source "lmi"]
[SourceDate "2011.11.03"]

1. Nf3 Nf6 2. c4 g6 3. Nc3 Bg7 4. e4 d6 5. d4 O-O 6. Be2 e5 7. Be3 Ng4 8. Bg5
f6 9. Bh4 g5 10. Bg3 Nh6 11. c5 g4 12. Nh4 Nc6 13. cxd6 cxd6 14. dxe5 fxe5 15.
Bc4+ Kh8 16. Qd2 Nd4 17. O-O Ng8 18. Ne2 Nf6 19. Qd3 b5 20. Bb3 Nxb3 21. axb3
d5 22. Nf5 Bxf5 23. exf5 Qe8 24. Nc3 b4 25. Nxd5 Rd8 26. Nxf6 Rxd3 27. Nxe8
Rxe8 28. Rxa7 e4 29. Bh4 Rxb3 30. f6 Bh6 31. Re7 Rf8 32. Rxe4 Rxb2 33. Rxg4 b3
34. Rb4 Kg8 35. h3 Bd2 36. Rb7 Rf7 37. Rb6 Ba5 38. Rb8+ Rf8 39. Rb7 Rf7 40. Rb5
Bc3 41. Rb6 Ba5 42. Ra6 Ra2 43. Ra8+ Rf8 44. f7+ Kxf7 45. Rxf8+ Kxf8 46. Rb1
Bc7 47. Bf6 Kf7 48. Bd4 Rd2 49. Be3 Rd3 50. Kf1 Ba5 51. Ke2 Rc3 52. Rb2 Ke6 53.
Bd2 Rc2 54. Rxc2 bxc2 55. Bc1 Kf5 56. Kd3 Be1 57. f3 Bg3 58. Kxc2 h5 59. Kd3 h4
60. Ba3 Bf2 61. Bd6 Bb6 62. Be7 Bf2 63. Ke2 Bg3 64. Bc5 Kg6 65. Bb6 Kg5 66.
Be3+ Kh5 67. Kd3 Bc7 68. Ke4 1-0

[Event "Europa tch 2011 femenino"]
[Site "Porto Carras"]
[Date "2011.11.04"]
[Round "2.14"]
[White "Kaya, Emel"]
[Black "Brunello, Marina"]
[Result "0-1"]
[WhiteElo "2005"]
[BlackElo "2221"]
[PlyCount "86"]
[EventDate "2011.11.03"]
[EventType "team"]
[EventRounds "9"]
[EventCountry "GRE"]
[Source "lmi"]
[SourceDate "2011.11.03"]

1. e4 c5 2. Nf3 d6 3. d4 cxd4 4. Nxd4 Nf6 5. f3 a6 6. c4 e6 7. Nc3 Be7 8. Be2
Nbd7 9. Be3 Qc7 10. O-O O-O 11. Rc1 Re8 12. Qd2 b6 13. Rfd1 Bb7 14. b4 Rac8 15.
Nb3 Qb8 16. Na4 Bc6 17. b5 axb5 18. cxb5 Ba8 19. Bf4 e5 20. Bg3 d5 21. exd5
Nxd5 22. Bc4 N7f6 23. Qe2 Bb4 24. Bxd5 Nxd5 25. Rxc8 Qxc8 26. Bf2 Qe6 27. Rc1
Ba3 28. Rc2 Bb7 29. Rc4 Qg6 30. Qc2 f5 31. Nd2 Kh8 32. h4 Nf4 33. Rxf4 exf4 34.
Nxb6 h6 35. Nbc4 Bb4 36. Qb3 Bxd2 37. Nxd2 Re2 38. Nc4 Qe6 39. Na5 Bd5 40. Qc3
Rxa2 41. Nc6 Qe2 42. Qc5 Rc2 43. Qb4 Bc4 0-1

[Event "Europa tch 2011 femenino"]
[Site "Porto Carras"]
[Date "2011.11.04"]
[Round "2.14"]
[White "Panella, Fiammetta"]
[Black "Cemhan, Kardelen"]
[Result "1/2-1/2"]
[WhiteElo "2014"]
[BlackElo "1881"]
[PlyCount "121"]
[EventDate "2011.11.03"]
[EventType "team"]
[EventRounds "9"]
[EventCountry "GRE"]
[Source "lmi"]
[SourceDate "2011.11.03"]

1. e4 c5 2. Nf3 Nc6 3. d4 cxd4 4. Nxd4 Qc7 5. Nc3 e6 6. Be2 a6 7. O-O Nf6 8.
Be3 Bb4 9. Na4 O-O 10. c4 Nxe4 11. c5 d6 12. Nxc6 Qxc6 13. cxd6 Qxd6 14. Qc2
Nf6 15. Nb6 Rb8 16. a3 Ba5 17. Nc4 Qc6 18. Bf3 Nd5 19. Rac1 Bc7 20. Ba7 Ra8 21.
Bd4 Bf4 22. Ne3 Qxc2 23. Rxc2 Nxe3 24. fxe3 Bd6 25. Rd1 e5 26. Bb6 Be7 27. Bd5
g6 28. Rf1 Be6 29. Bxe6 fxe6 30. Rc7 Rxf1+ 31. Kxf1 Bg5 32. Rxb7 Rc8 33. Rc7
Rxc7 34. Bxc7 e4 35. Ke2 Bf6 36. b4 Bc3 37. Bd6 Kf7 38. Kd1 Ke8 39. Kc2 Bf6 40.
Kb3 Kd7 41. Bc5 h5 42. Kc4 Kc6 43. a4 g5 44. b5+ axb5+ 45. axb5+ Kc7 46. h3 g4
47. hxg4 hxg4 48. Bd4 Bg5 49. Be5+ Kb6 50. Bd4+ Kc7 51. Be5+ Kb6 52. Kd4 Kxb5
53. Kxe4 Kc4 54. Bf4 Bf6 55. Bh6 Bc3 56. Kf4 Kd3 57. Kxg4 Ke4 58. Kg3 Be1+ 59.
Kg4 Bf2 60. Kg5 Bxe3+ 61. Kf6 1/2-1/2

[Event "Europa tch 2011 femenino"]
[Site "Porto Carras"]
[Date "2011.11.04"]
[Round "2.14"]
[White "Zimina, Olga"]
[Black "Ozturk, Kubra"]
[Result "0-1"]
[WhiteElo "2338"]
[BlackElo "2239"]
[PlyCount "160"]
[EventDate "2011.11.03"]
[EventType "team"]
[EventRounds "9"]
[EventCountry "GRE"]
[Source "lmi"]
[SourceDate "2011.11.03"]

1. e4 e5 2. Nf3 Nc6 3. d4 exd4 4. Nxd4 Bc5 5. Nxc6 Qf6 6. Qf3 dxc6 7. Nc3 Bd7
8. Be3 Bb4 9. Bd2 O-O-O 10. Qxf6 Nxf6 11. f3 Be6 12. O-O-O Nd7 13. a3 Be7 14.
Be3 Nb6 15. Bd4 Bg5+ 16. Kb1 f6 17. g3 c5 18. Bf2 Rxd1+ 19. Nxd1 Rd8 20. Be2
Bc4 21. Bxc4 Nxc4 22. f4 Bh6 23. Nc3 b6 24. b3 Nd2+ 25. Kc1 g5 26. Be3 Nf3 27.
Nd5 Bg7 28. Ne7+ Kb7 29. Nf5 Bf8 30. h3 gxf4 31. gxf4 Nd4 32. Ng3 c4 33. b4 Nb5
34. Kb2 a5 35. a4 Nd6 36. bxa5 bxa5 37. Kc3 Re8 38. Kd4 Kc6 39. Re1 Rd8 40. Kc3
Nxe4+ 41. Nxe4 Bb4+ 42. Kxc4 Bxe1 43. Nxf6 Bd2 44. Bd4 Bxf4 45. Nxh7 Re8 46.
Bc3 Re4+ 47. Kb3 Re3 48. Kc4 Rxh3 49. Nf8 Rh6 50. Bg7 Rd6 51. Bc3 Bd2 52. Be5
Rh6 53. c3 Bc1 54. Bg7 Rh4+ 55. Bd4 Rg4 56. Ne6 Ba3 57. Nd8+ Kd7 58. Nf7 Rf4
59. Ne5+ Kd6 60. Nd3 Rf3 61. Bg1 Rf1 62. Be3 Kc6 63. Ne5+ Kb7 64. Bd4 Bd6 65.
Nd3 Rb1 66. Nf2 c6 67. Ne4 Be7 68. Bc5 Re1 69. Nd6+ Kc7 70. Ne8+ Kd7 71. Bxe7
Rxe7 72. Nf6+ Kd6 73. Kd4 c5+ 74. Kd3 Ke5 75. Ng4+ Kd6 76. Ne3 Rh7 77. Nc4+ Kd5
78. Nxa5 Rh3+ 79. Kc2 c4 80. Nb7 Rh7 0-1

[Event "Europa tch 2011 femenino"]
[Site "Porto Carras"]
[Date "2011.11.05"]
[Round "3.1"]
[White "Cosma, Elena-Luminita"]
[Black "Kosintseva, Tatiana"]
[Result "0-1"]
[WhiteElo "2335"]
[BlackElo "2526"]
[PlyCount "56"]
[EventDate "2011.11.03"]
[EventType "team"]
[EventRounds "9"]
[EventCountry "GRE"]
[Source "lmi"]
[SourceDate "2011.11.03"]

1. d4 Nf6 2. Nf3 e6 3. g3 c5 4. Bg2 cxd4 5. Nxd4 d5 6. c4 e5 7. Nf3 d4 8. O-O
Nc6 9. e3 Be7 10. exd4 exd4 11. Nbd2 Be6 12. Ng5 Bg4 13. Ngf3 Qd7 14. a3 a5 15.
Nb3 Rd8 16. Bg5 Qf5 17. Nbd2 O-O 18. Qb3 Rd7 19. Rfe1 h6 20. Bxf6 Bxf6 21. Ne4
d3 22. Qb5 Qxb5 23. cxb5 Nd4 24. Nxf6+ gxf6 25. Nxd4 Rxd4 26. Re4 Rxe4 27. Bxe4
d2 28. f3 Rc8 0-1

[Event "Europa tch 2011 femenino"]
[Site "Porto Carras"]
[Date "2011.11.05"]
[Round "3.1"]
[White "Kosintseva, Nadezhda"]
[Black "L'ami, Alina"]
[Result "1-0"]
[WhiteElo "2546"]
[BlackElo "2364"]
[PlyCount "97"]
[EventDate "2011.11.03"]
[EventType "team"]
[EventRounds "9"]
[EventCountry "GRE"]
[Source "lmi"]
[SourceDate "2011.11.03"]

1. e4 c5 2. Nf3 d6 3. d4 cxd4 4. Nxd4 Nf6 5. Nc3 a6 6. Be3 e5 7. Nf3 Be7 8. Bc4
O-O 9. O-O Qc7 10. Bb3 Be6 11. Nh4 Nxe4 12. Nxe4 Bxb3 13. cxb3 Bxh4 14. Qxd6
Qc6 15. f3 f5 16. Rac1 Qd7 17. Rc7 Qd8 18. Qxe5 Nd7 19. Qe6+ Rf7 20. Nd6 Qxc7
21. Qxf7+ Kh8 22. Nxf5 Bf6 23. Rc1 Qd8 24. Rd1 Qa5 25. Nd6 Ne5 26. Qd5 Qxd5 27.
Rxd5 b5 28. Rxe5 Bxe5 29. Nf7+ Kg8 30. Nxe5 Rc8 31. b4 Rc2 32. Bd4 Rd2 33. Bc3
Rd6 34. Kf2 g6 35. Ke3 Kf8 36. Bd4 Rd8 37. Ke4 Rc8 38. Nd7+ Ke7 39. Nc5 Kd6 40.
a3 Re8+ 41. Kd3 Re1 42. Ne4+ Kc6 43. Nf6 Rh1 44. Be5 Re1 45. Ng4 Kd5 46. Bc3
Rd1+ 47. Ke2 Rh1 48. Ne3+ Ke6 49. Nf1 1-0

[Event "Europa tch 2011 femenino"]
[Site "Porto Carras"]
[Date "2011.11.05"]
[Round "3.1"]
[White "Voicu Jagodzinsky, Carmen"]
[Black "Kosteniuk, Alexandra"]
[Result "0-1"]
[WhiteElo "2300"]
[BlackElo "2439"]
[PlyCount "144"]
[EventDate "2011.11.03"]
[EventType "team"]
[EventRounds "9"]
[EventCountry "GRE"]
[Source "lmi"]
[SourceDate "2011.11.03"]

1. e4 c5 2. Nf3 Nc6 3. d4 cxd4 4. Nxd4 Nf6 5. Nc3 d6 6. Be2 e5 7. Nf3 h6 8. O-O
Be7 9. Re1 O-O 10. h3 a6 11. a4 Qc7 12. Nd5 Nxd5 13. exd5 Nb8 14. a5 Nd7 15.
Bf1 f5 16. c4 Bf6 17. Ra3 Kh8 18. Nd2 e4 19. b4 Be5 20. Nb3 Nf6 21. Be3 f4 22.
Bd4 Re8 23. Qd2 Qe7 24. c5 Bf5 25. Bc4 Rad8 26. c6 bxc6 27. dxc6 f3 28. Bf1
fxg2 29. Bxg2 Qf7 30. Bb6 Rc8 31. c7 Nd5 32. Nd4 Bf4 33. Qa2 Bg6 34. b5 Be5 35.
Nc6 axb5 36. Na7 b4 37. Ra4 Rxc7 38. Bxc7 Qxc7 39. Qxd5 Qxa7 40. Rxb4 Bc3 41.
Rb7 Qxa5 42. Qxa5 Bxa5 43. Rd1 Re6 44. h4 Bc3 45. Rc1 Bf6 46. Bh3 Re5 47. Rc6
Bxh4 48. Rxd6 Bh5 49. Be6 Kh7 50. Rb8 Bf6 51. Bc4 Bf3 52. Rd5 Re7 53. Kf1 Rc7
54. Rb4 h5 55. Kg1 Kh6 56. Kh2 e3 57. fxe3 Rxc4 58. Rxc4 Bxd5 59. Ra4 Bf3 60.
Kg3 Bd1 61. Ra5 h4+ 62. Kf4 Bh5 63. e4 Bc3 64. Ra6+ g6 65. e5 Bd2+ 66. Ke4 h3
67. e6 Kg7 68. Ke5 h2 69. Ra7+ Kh6 70. e7 h1=Q 71. e8=Q Qe1+ 72. Kf6 Bc3+ 0-1